White Rappers - Statistics

General Stats
  • This quiz has been taken 30 times
  • The average score is 7 of 25
Answer Stats
Hint Answer % Correct
E Eminem
100%
MGK MGK
60%
D Drake
40%
NF NF
40%
JH Jack Harlow
35%
VI Vanilla Ice
35%
GE G-Eazy
30%
LP Lil Peep
30%
L Logic
30%
PM Post Malone
30%
BB Beastie Boys
25%
LD Lil Dicky
25%
LW Lil Wayne
25%
MM Mac Miller
25%
IS Ice Spice
20%
IA Iggy Azalea
20%
JC J. Cole
20%
LM Lil Mosey
20%
Y Yelawolf
20%
AR Aesop Rock
15%
M Macklemore
15%
KR Kid Rock
5%
PW Paul Wall
5%
P Pitbull
5%
E Everlast
0%
No matching quizzes found
Score Distribution
Percent of People with Each Score
Percentile by Number Answered
Your Score History
You have not taken this quiz